000 00533nam a22001817a 4500
003 AM-YeHGA
005 20250617154030.0
008 180413s xxu||||| |||| 00| 0 rus d
040 _aAM-YeHGA
041 0 _arus
100 1 _aСеменовский, Дмитрий Николаевич
245 1 0 _aСтихи /
_cДм. Семеновский.
260 _a[Москва] :
_bСов. писатель,
_c1947.
300 _a159 с.
653 0 _aРусская литература
942 _2udc
_cBK
090 _c405522
999 _c403300
_d403300